000 00822nam a22002417a 4500
003 DO-SdBNP
005 20220310092834.0
007 ta
008 210311b 2020 dr p 00| 0 eng d
040 _aDO-SdBNP
_bspa
_cBNPHU
082 4 _aRD861.44
_bJ61v
_222
100 1 _aJiménez, Ramón,
_d1958-
_978108
245 1 _aVersos de un hombre errante /
_cRamón Roberto Jiménez Ventura ; prólogo Rita Díaz Blanco.
260 _aSanto Domingo :
_bSantuario,
_c2020.
300 _a117 p. ;
_c23 cm.
500 _aIncluye datos biográficos del autor en la solapa de la cubierta.
590 _aInventariado, 2021 /LP
650 4 _aPoesía dominicana
650 4 _aLiteratura dominicana
700 1 _aDíaz Blanco, Rita,
_e pról.
_978109
910 _aLopérez/Validado. Control de calidad MFF
942 _2ddc
_cLBS1
999 _c49546
_d49546